000 00609cam a22002055i 4500
003 KenMUT
005 20250717115922.0
008 240607s2024 nyu 000 0 eng
020 _a9780198890942
040 _cMUT
050 _aKD 7869
_b.O76 2024
100 1 _aOrmerod, David,
_eauthor.
245 1 0 _aSmith, hogan and ormerod's criminal law /
250 _a7th ed.
264 1 _aNew York :
_bOxford University Press,
_c2024.
650 _aLaw
_vCriminal law
700 1 _aLaird, Karl,
_eauthor.
700 1 _aGibson, Matthew,
_eauthor.
942 _2lcc
_cBK
_n0
999 _c22999
_d22999